Hacia una declaración sobre el derecho humano a la paz /
En el presente artículo se pretende realizar un acercamiento a una codificación definitiva del derecho humano a la paz, a través de la técnica legislativa que es un proceso que permitirá la participación de la sociedad civil en dicha conceptualización; de manera que se logre integrar en el proceso,...
Guardado en:
| Hovedforfatter: | |
|---|---|
| Format: | Texto |
| Fag: | |
| Tags: |
Tilføj Tag
Ingen Tags, Vær først til at tagge denne postø!
|
MARC
| LEADER | 00000 a a2200000 04500 | ||
|---|---|---|---|
| 001 | 41205 | ||
| 003 | |||
| 040 | |||
| 100 | |a Villán Durán, Carlos | ||
| 245 | |a Hacia una declaración sobre el derecho humano a la paz / |c Carlos Villán Durán | ||
| 500 | |a Antología: derecho humano a la paz | ||
| 520 | |a En el presente artículo se pretende realizar un acercamiento a una codificación definitiva del derecho humano a la paz, a través de la técnica legislativa que es un proceso que permitirá la participación de la sociedad civil en dicha conceptualización; de manera que se logre integrar en el proceso, una concepción de este derecho como un derecho de solidaridad y de síntesis de los demás derechos de las personas. | ||
| 590 | |a SJB/AGOSTO2011 | ||
| 650 | |a PAZ | ||
| 650 | |a MANTENIMEINTO DE LA PAZ | ||
| 650 | |a DERECHOS HUMANOS | ||
| 650 | |a NACIONES UNIDAS | ||
| 650 | |a DECLARACION DE LOS DERECHOS HUMANOS | ||
| 650 | |a LEGISLACION | ||
| 773 | |g número14 (enero-junio , 2006), páginas 43-55 | ||
| 999 | |c 22617 |d 22617 | ||
